Artículos políticos pseudónimos [de Ricardo Flores Magón]

Obra en 8 volúmenes que presenta el pensamiento del periodista y político mexicano Ricardo Flores Magón (1876-1922), a través de sus escritos. El presente volumen reúne 118 artículos políticos publicados por Flores Magón entre 1902 y 1908 bajo los pseudónimos de Escorpión, Anakreón y Netzahualpilli,...

詳細記述

保存先:
書誌詳細
第一著者: Flores Magón, Ricardo (autor)
その他の著者: Barrera Bassols, Jacinto (coordinación y compilación) (coordinación y compilación), Torre Hernández, Alejandro de la (compilación y notas) (compilación y notas), Barrera Bassols, Jacinto (compilación) (compilación)
フォーマット: 図書
言語:スペイン語
出版事項: México : CONACULTA, 2005, c2005
シリーズ:(Obras Completas de Ricardo Flores Magón ; 5)
主題:
タグ: タグ追加
タグなし, このレコードへの初めてのタグを付けませんか!

MARC

LEADER 00000nam^a2200000^a^4500
001 000187340
005 20250521000000.0
009 20260310102258.096
020 |a 970-35-0859-6 
020 |a 970-35-0182-6 
037 |a Acervo ITESO - Biblioteca 
041 |a ESP 
082 |a 972. 0523  |b FLO V. 5 
100 |a Flores Magón, Ricardo  |e (autor) 
240 1 1 |a [Obras completas de Ricardo Flores Magón] 
245 1 0 |a Artículos políticos pseudónimos [de Ricardo Flores Magón]  |c R. Flores Magón ; coord., comp. e introd. de J. Barrera Bassols ; comp. y notas de A. de la Torre Hernández. 
264 4 |a México :  |b CONACULTA,  |c 2005, c2005 
300 |a 408 p. 
336 |a texto  |b txt  |2 rdacontenido 
337 |a sin mediación  |b n  |2 rdamedio 
338 |a volumen  |b nc  |2 rdasoporte 
440 1 |a (Obras Completas de Ricardo Flores Magón ;  |v 5) 
520 |a Obra en 8 volúmenes que presenta el pensamiento del periodista y político mexicano Ricardo Flores Magón (1876-1922), a través de sus escritos. El presente volumen reúne 118 artículos políticos publicados por Flores Magón entre 1902 y 1908 bajo los pseudónimos de Escorpión, Anakreón y Netzahualpilli, en El hijo del Ahuizote, El colmillo público, Libertad y trabajo y Reforma, libertad y justicia. Se incluyen 24 ilustraciones (la mayoría, caricaturas), sin firma, que aluden a las principales preocupaciones tratadas por el periodista en sus artículos, provenientes de El hijo del Ahuizote y El colmillo público. 
649 |a XX 
650 |a Revolucionarios Mexicanos 
650 |a Políticos Mexicanos 
650 |a Anarquismo -  |z México -  |x Historia -  |y Siglo XX 
650 |a Liberalismo -  |z México -  |x Historia -  |y Siglo XX 
650 |a Artículos Periodísticos Mexicanos 
650 |a Prensa -  |z México -  |x Historia -  |y Porfirismo, 1876-1911 
650 |a Prensa -  |z México -  |x Historia -  |y República Liberal, 1867-1911 
650 |a Periodismo -  |z México -  |x Historia -  |y Porfirismo, 1876-1911 
650 |a Periodismo -  |z México -  |x Historia -  |y República Liberal, 1867-1911 
650 |a Medios Impresos -  |z México -  |x Historia -  |y Porfirismo, 1876-1911 
650 |a Medios Impresos -  |z México -  |x Historia -  |y República Liberal, 1867-1911 
650 |a Medios de Comunicación -  |z México -  |x Historia -  |y Porfirismo, 1876-1911 
650 |a Medios de Comunicación -  |z México -  |x Historia -  |y República Liberal, 1867-1911 
650 |a Comunicación Masiva -  |z México -  |x Historia -  |y Porfirismo, 1876-1911 
650 |a Comunicación Masiva -  |z México -  |x Historia -  |y República Liberal, 1867-1911 
650 |a Comunicación y Política -  |z México -  |x Historia -  |y Porfirismo, 1876-1911 
650 |a Comunicación y Política -  |z México -  |x Historia -  |y República Liberal, 1867-1911 
650 |a Política -  |z México -  |x Historia -  |y Porfirismo, 1876-1911 
650 |a Política -  |z México -  |x Historia -  |y República Liberal, 1867-1911 
650 |a Política -  |z México -  |x Historia -  |y Siglo XX 
650 |a México -  |x Historia -  |x Documentos 
700 |a Barrera Bassols, Jacinto  |e (coordinación y compilación) 
700 |a Torre Hernández, Alejandro de la  |e (compilación y notas) 
700 |a Barrera Bassols, Jacinto  |e (compilación) 
910 |a Fondo General 
920 |a Impresos - Libros 
930 |a Colección General 
905 |a 101 
901 |a 0500129373  |b IT1  |c ACC  |u 20250521 
902 |a https://opac.biblio.iteso.mx/vufind/Record/000187340